Tramwaje Śląskie Linia T21 - Statystyki

Ogólne statystyki
  • Ten quiz został rozwiązany 10 razy
  • Średni wynik to 28 z 42
Statystyki odpowiedzi
Przystanek % Poprawnych
Tworzeń Huta Katowice
90%
Będzin Cmentarz Komunalny
80%
Będzin Rondo
80%
Będzin Zamek
80%
Dąbrowa Górnicza Urząd Pracy
80%
Milowice Pętla
80%
Nowak-Mosty Będzin Arena
80%
Pogoń Akademiki
80%
Pogoń Kościół
80%
Sosnowiec Dworzec PKP
80%
Tworzeń Wiadukt
80%
Będzin Szybowa
70%
Dąbrowa Górnicza Aleja Róż
70%
Dąbrowa Górnicza Centrum
70%
Gołonóg Centrum
70%
Koszelew
70%
Milowice Hala Sportowa
70%
Pogoń Rybna
70%
Sosnowiec Egzotarium
70%
Będzin Małachowskiego
60%
Będzin Paryska
60%
Będzin Słowiańska
60%
Dąbrowa Górnicza Huta Bankowa
60%
Gołonóg Centralna Kuchnia
60%
Gołonóg Laski
60%
Gołonóg Manhattan
60%
Gołonóg Osiedle Kasprzaka
60%
Gołonóg Wiadukt S1
60%
Gołonóg Wzgórze Gołonoskie
60%
Milowice Park Logistyczny
60%
Milowice Zakłady Mięsne
60%
Reden
60%
Reden Komenda Policji
60%
Sielec Park
60%
Sosnowiec Estakada
60%
Sosnowiec Osiedle Piastów
60%
Będzin Krasickiego
50%
Milowice Podjazdowa
50%
Pogoń Mariacka
50%
Sosnowiec Wysoka
50%
Tworzeń Zaplecze
50%
Sosnowiec Aleja Mireckiego
40%
Nie znaleziono quizów pasujących do podanych kryteriów
Rozkład punktacji
Procent ludzi z każdym wynikiem
Percentyl według liczby udzielonych odpowiedzi
Twoja historia wyników
Nie rozwiązałeś tego quizu